00741nam a22002417a 45000010005000000030006000050050017000110080041000280200018000690400029000870500016001160820010001321000017001422450029001592600045001883000059002334900048002925050007003405200066003475210028004135210018004416500040004596875FISKH20250604102344.0250604b cb ||||| |||| 00| 0 eng d a9780152048488 aFISKHbengcFISKHdFISKH aPZ7.B6773 N a335  aBowers, Tim  aA new home /cTim Bowers aOrlando : bGreen Light Readers, c2002. a20 unnumbered pages : bcolor illustrations ; c22 cm  aFor the reader who's ready to go! vLevel 1 aE  aMatt the squirrel has a new home, but misses his old friends.8 a280 bLexile estimate 8 aE bRaz-Plus  aAnimalsvRelationshipsxPicture boo